Stability Operations in Somalia 1992-1993 (Record no. 522750)

000 -LEADER
fixed length control field 00749nam a22001817a 4500
003 - CONTROL NUMBER IDENTIFIER
control field NUST
005 - DATE AND TIME OF LATEST TRANSACTION
control field 20190110092229.0
008 - FIXED-LENGTH DATA ELEMENTS--GENERAL INFORMATION
fixed length control field 190110b ||||| |||| 00| 0 eng d
020 ## - INTERNATIONAL STANDARD BOOK NUMBER
International Standard Book Number 9780946186585
038 ## - RECORD CONTENT LICENSOR
Staff Name Muhammad Ibrahim
082 ## - DEWEY DECIMAL CLASSIFICATION NUMBER
Classification number 967.73
Author Mark HAR 2016
100 ## - MAIN ENTRY--PERSONAL NAME
Personal name Harned,Glenn M
9 (RLIN) 13027
245 10 - TITLE STATEMENT
Title Stability Operations in Somalia 1992-1993
Remainder of title A Case Study
Statement of responsibility, etc. Glenn M. Harned
260 ## - PUBLICATION, DISTRIBUTION, ETC.
Name of publisher, distributor, etc. PKSOI
Date of publication, distribution, etc. 2016
300 ## - PHYSICAL DESCRIPTION
Extent 205p;
651 ## - SUBJECT ADDED ENTRY--GEOGRAPHIC NAME
Geographic name Somalia , CASE STUDIES , military operations , stability , international relations , united nations , military forces foreign , MILITARY FORCES UNITED STATES , government foreign , infrastructure , humanitarian assistance , rules of engagement , INTERAGENCY COORDINATION
9 (RLIN) 13028
942 ## - ADDED ENTRY ELEMENTS (KOHA)
Source of classification or shelving scheme
Koha item type Book
Holdings
Withdrawn status Lost status Source of classification or shelving scheme Damaged status Not for loan Collection code Permanent Location Current Location Shelving location Date acquired Total Checkouts Full call number Barcode Date last seen Price effective from Koha item type
            Centre for International Peace & Stability (CIPS) Centre for International Peace & Stability (CIPS) General Stacks 08/25/2017   967.73 HAR 2016 CIPS0002884 01/10/2019 01/10/2019 Book
© 2023 Central Library, National University of Sciences and Technology. All Rights Reserved.